Hack the Quiz #7 - Statistics

General Stats
  • This quiz has been taken 1,406 times
  • The average score is 24 of 32
Answer Stats
Cipher Word % Correct
20 spoken?
85%
10 largest
83%
14 the
83%
17 home
83%
24 capital
82%
32 What
82%
26 city
81%
15 Korea?
80%
19 is
80%
87 What
80%
94 is
80%
01 North
79%
83 to
79%
90 the
79%
95 What
78%
02 is
77%
52 In
77%
82 what
77%
16 Tagalog
76%
93 commonly
76%
31 Louvre?
74%
50 country
74%
86 is
74%
06 of
73%
65 America's
73%
81 mountain
73%
77 North
71%
60 range?
60%
Paris
57%
Pyongyang
49%
The Philippines
42%
Rocky Mountains
36%
No matching quizzes found
Score Distribution
Percent of People with Each Score
Percentile by Number Answered
Your Score History
You have not taken this quiz